000 00347nam a2200133 4500
005 20260530115303.0
100 1 _aNPK
_931550
245 1 0 _aVision Prediction NPK / Industrial Design
264 1 _bNPK - BIS / Holland
_c1992
300 _a207 páginas
336 _atexto
_2rdacontent
337 _asin medio
_2rdamedia
338 _avolumen
_2rdacarrier
999 _c12961
_d12961